00814cam a2200241 a 450000100060000000300080000600500170001400800390003103500190007004000270008904100080011608200240012410000430014824500620019126000470025330000200030050400410032065000230036165000210038494200120040599900170041795201380043435948BD-RjUL20211209052416.0140612r19581944enk b 000 0 eng a(BD-RjUL)36045 dBD-RjULbengaANLcANL aeng04a323.4223bMAR 19581 aMaritain, Jacques,d1882-1973.910943114aThe rights of man and natural law /cby Jacques Maritain. aLondon :bG. Bles,c1944 [Reprinted 1958]. a63 p. ;c19 cm. aIncludes bibliographical references. 0aNatural law.94252 0aLiberty.9109432 2ddccBK c35948d35948 00102ddc40718NFICaRUCLbRUCLcReadingd1963-03-09eZeitlingerg6.00l0o323.4 MAR 1958r2014-06-12 00:00:00tC-1w2021-12-09yBK